000
00176 a2200097 4500
020
_a
9780545348355
041
_a
eng
100
_a
Milles, Ellen
245
_a
Cocoa
942
_c
BK
999
_c
31314
_d
31312